000 004480000a22001810004500
999 _c48561
_d48561
001 1399
003 CO-MdFUSB
005 20170830171707.0
008 170706b xxu||||| |||| 00| 0 eng d
020 _a950-619-107-7
040 _cCO-MdBIC
082 0 4 _a868F Su81f
100 1 _aInaraja, Javier
245 1 0 _aMis fábulas favoritas / ilustrado por Javier Inaraja
260 _aArgentina : Susaeta ediciones
300 _a24 P.
942 _cLGB